Biblioteca y Centro de Documentación

En busca de nuevas formas de lucha efectiva contra el acoso moral en el trabajo (Registro nro. 49099)

Detalles MARC
000 -CABECERA
Longitud fija campo de control 01109naa a2200277 c 4500
001 - NÚMERO DE CONTROL
Número de control 49099
003 - IDENTIFICADOR DE NÚMERO DE CONTROL
Identificador del número de control ES-MaCES
005 - FECHA Y HORA DE LA ÚLTIMA TRANSACCIÓN
Fecha y hora de la última transacción 20170329131156.0
008 - CAMPO FIJO DE DESCRIPCIÓN FIJA--INFORMACIÓN GENERAL
Códigos de información de longitud fija   170329s2009 sp ||||| t||||||| ||spa d
040 ## - FUENTE DE CATALOGACIÓN
Centro catalogador de origen ES-MaCES
Lengua de catalogación spa
Centro transcriptor ES-MaCES
Centro modificado ES-MaCES
100 1# - ENCABEZAMIENTO PRINCIPAL--NOMBRE PERSONAL
9 (RLIN) 18784
Nombre de persona Molina Navarrete, Cristóbal
245 13 - MENCIÓN DE TÍTULO
Título En busca de nuevas formas de lucha efectiva contra el acoso moral en el trabajo
Resto del título : la obligación empresarial de publicar la condena
Mención de responsabilidad, etc. Cristóbal Molina Navarrete
500 ## - NOTA GENERAL
Nota general Resumen
650 #4 - ASIENTO SECUNDARIO DE MATERIA--TÉRMINO DE MATERIA
9 (RLIN) 30708
Término de materia o nombre geográfico como elemento inicial acoso laboral
650 #4 - ASIENTO SECUNDARIO DE MATERIA--TÉRMINO DE MATERIA
9 (RLIN) 29086
Término de materia o nombre geográfico como elemento inicial ambiente de trabajo
650 #4 - ASIENTO SECUNDARIO DE MATERIA--TÉRMINO DE MATERIA
9 (RLIN) 28367
Término de materia o nombre geográfico como elemento inicial conflicto de trabajo
650 #4 - ASIENTO SECUNDARIO DE MATERIA--TÉRMINO DE MATERIA
9 (RLIN) 30146
Término de materia o nombre geográfico como elemento inicial responsabilidad del empleador
650 #4 - ASIENTO SECUNDARIO DE MATERIA--TÉRMINO DE MATERIA
9 (RLIN) 27165
Término de materia o nombre geográfico como elemento inicial derecho del trabajo
650 #4 - ASIENTO SECUNDARIO DE MATERIA--TÉRMINO DE MATERIA
9 (RLIN) 27166
Término de materia o nombre geográfico como elemento inicial legislación del trabajo
650 #4 - ASIENTO SECUNDARIO DE MATERIA--TÉRMINO DE MATERIA
9 (RLIN) 27164
Término de materia o nombre geográfico como elemento inicial tribunal del trabajo
650 #4 - ASIENTO SECUNDARIO DE MATERIA--TÉRMINO DE MATERIA
9 (RLIN) 28624
Término de materia o nombre geográfico como elemento inicial jurisprudencia
653 10 - TÉRMINO DE INDEXACIÓN--NO CONTROLADO
Término no controlado Relaciones laborales-Empleo
773 0# - ENTRADA DE DOCUMENTO FUENTE
Itemnumber del ítem fuente 67496
Lugar, editor y fecha de publicación Pamplona (Carlos III, 34) Aranzadi D.L. 1991-
Otro identificador del documento 074070
Título Aranzadi social
Número de control del registro relacionado (ES-MaCES)25655
Parte(s) relacionada(s) n. 1 (abr. 2009) {10650 R. 074070} ;p. 63-92
902 ## - CES. TIPO DE DOCUMENTO
Tipodoc (006$c Sirtex) ART Artículo de revista
942 ## - ELEMENTOS KOHA
Fuente de clasificaión o esquema Clasificación propia del CES
Koha [por defecto] tipo de item Artículos (1982-2017)
Parte de clasificación Relaciones Laborales y Rel. Lab.- Empleo

No hay ítems disponibles.

© CES, Consejo Económico y Social de España 2021